000 00629nam a2200193 a 4500
005 20240601063647.0
008 991125s1951 fr 000 0 fre u
035 _aUPN01000015543
049 _aCG
050 4 _aLB775 P5
_bA3.3
100 1 _aAebli, Hans,
_d1923-1990
_928548
245 1 0 _aDidactique psychologique :
_baplication a la didactique de la psychologie de Jean Piaget /
_cHans Aebli.
260 _aParís :
_bDelachaux & Niestlé,
_c1951.
300 _a163 p. :
_bil.
440 0 _aActualités pedagogiques et psychologiques
600 1 4 _aPIAGET, JEAN,
_d1896-1980
650 4 _aPsicopedagogía
_95085
905 _aLibro
999 _c15543
_d15543